Swargasthanaya Gandhiji / | സ്വര്ഗ്ഗസ്ഥനായ ഗാന്ധിജി (Record no. 19512)
[ view plain ]
| 000 -LEADER | |
|---|---|
| fixed length control field | 00411nam a22001457a 4500 |
| 003 - CONTROL NUMBER IDENTIFIER | |
| control field | OSt |
| 008 - FIXED-LENGTH DATA ELEMENTS--GENERAL INFORMATION | |
| fixed length control field | 250903b |||||||| |||| 00| 0 eng d |
| 041 ## - LANGUAGE CODE | |
| Language code of text/sound track or separate title | mal |
| 082 ## - DEWEY DECIMAL CLASSIFICATION NUMBER | |
| Classification number | 320 |
| Item number | JAL/SW |
| 100 ## - MAIN ENTRY--AUTHOR NAME | |
| Personal name | Jaleel, K. T |
| 245 ## - TITLE STATEMENT | |
| Title | Swargasthanaya Gandhiji / |
| Remainder of title | സ്വര്ഗ്ഗസ്ഥനായ ഗാന്ധിജി |
| 260 ## - PUBLICATION, DISTRIBUTION, ETC. (IMPRINT) | |
| Place of publication | Kannur : |
| Name of publisher | Kairali Books, |
| Year of publication | 2024. |
| 300 ## - PHYSICAL DESCRIPTION | |
| Number of Pages | 204 p. |
| 942 ## - ADDED ENTRY ELEMENTS (KOHA) | |
| Koha item type | Books |
| Withdrawn status | Lost status | Damaged status | Home library | Current library | Date acquired | Source of acquisition | Cost, normal purchase price | Full call number | Accession Number | Koha item type |
|---|---|---|---|---|---|---|---|---|---|---|
| KAUAET | KAUAET | 03/09/2025 | Donated by KT Jaleel MLA | 320.00 | 320 JAL/SW | 26327 | Books |
